Responses for Show #8783 - Wednesday, January 11, 2023

Yogesh Raut game 1.

Contestants

[<< previous game]

Yogesh Raut, a blogger, podcaster, and freelance writer originally from Springfield, Illinois

Andrew Whatley, an academic administrator from Chicago, Illinois

Connor Sears, a copy editor from Queens, New York (whose 2-day cash winnings total $43,999)

[next game >>]

Jeopardy! Round responses

THAT'S SO LAST CENTURY
THE MOVIE ATHLETE'S SPORT
ALL ABOUT MEXICO
WHAT IN THE WHIRLED...
HORSES ON WHEELS
SEARCH HIGH & LOW
    $200 22
(Thurgood) Marshall

Connor
    $200 30
baseball

Connor
    $200 28
(Connor: What is Federale?)

Federal

ConnorAndrew
    $200 24
pin the tail on the donkey

Andrew
    $200 29
horsepower

Connor
    $200 19
altitude

Andrew
    $400 21
Pope John Paul II

Connor
    $400 27
boxing

Yogesh
    $400 25
Día de la Raza

Yogesh
    $400 23
hummus

Connor
    $400 26
Mustang

Yogesh
    $400 18
bottomless

Connor
    $600 20
Pluto

Yogesh
    $600 8
basketball

Yogesh
    $600 7
(Andrew: What are Sierras?)
(Ken: More specifically?)

Sierra Madre

Andrew
    $600 15
Twister

Yogesh
    $600 16
Mitsubishi

Andrew
    $600 17
steep

Connor
    $4,000 13
Sarajevo

Yogesh
    $800 5
bicycle racing

Yogesh
    $800 6
Oaxaca

Connor
    $800 14
dervishes

Connor
    $800 10
Porsche

Yogesh
    $800 2
sunken

Yogesh
    $1000 12
Piltdown Man

Yogesh
    $1000 4
arm wrestling

Andrew
    $1000 3
the maquiladoras

Triple Stumper
    $1000 9
a whirlwind

Yogesh
    $1000 11
Australia

Yogesh
    $1000 1
aerial

Andrew

Scores at the first commercial break (after clue 15):

Connor Andrew Yogesh
$1,600 $2,600 $10,600

Scores at the end of the Jeopardy! Round:

Connor Andrew Yogesh
$3,800 $3,800 $12,400

Double Jeopardy! Round responses

THE EX-STATE CAPITAL
HISTORICAL TV
DOWN YOUR ALLEY
SCIENCE WORDS
QUESTIONABLE BOOK TITLES
SCORE TO SETTLE
(Ken: Each response will come between those two words--"score" and "settle" in the dictionary.)
    $400 24
New Orleans

Andrew
    $400 30
Watergate

Andrew
    $400 29
a bowling alley

Connor
    $400 28
delta

Yogesh
    $400 27
a secret

Yogesh
    $400 26
Scotch

Yogesh
    $800 21
Charleston

Andrew
    $800 16
(Connor: Who is Charles I?)

Henry VIII

ConnorYogesh
    $800 23
Tornado Alley

Yogesh
    $800 22
flora & fauna

Yogesh
    $5,800 14
Humpty Dumpty

Andrew
    $800 25
a scorpion

Andrew
    $1200 7
Tuscaloosa

Yogesh
    $1200 15
Chernobyl

Andrew
    $4,000 18
Tin Pan Alley

Yogesh
    $1200 12
mare

Yogesh
    $1200 4
(Connor: What's Who Stole My Cheese?)
(Andrew: What's Who Moved My Cheese?)

What Color is Your Parachute?

ConnorAndrew
Triple Stumper
    $1200 20
scorn

Andrew
    $1600 6
San Jose

Andrew
    $1600 17
Peaky Blinders

Yogesh
    $1600 9
Morocco

Yogesh
    $1600 11
dendrites

Yogesh
    $1600 3
Lenin

Connor
    $1600 19
sestina

Yogesh
    $2000 5
(Connor: What's Philadelphia?)
(Yogesh: What is Germantown?)
...
(Ken: Brad Rutter country.)

Lancaster, Pennsylvania

ConnorYogesh
Triple Stumper
    $2000 10
the midwife

Yogesh
    $2000 8
Kerouac

Andrew
    $2000 13
Jupiter

Andrew
    $2000 2
Feynman

Andrew
    $2000 1
[Connor selected the first clue.]

sesquipedalian

Yogesh

Scores at the end of the Double Jeopardy! Round:

Connor Andrew Yogesh
$1,800 $20,800 $30,800

[wagering suggestions for these scores]

Final Jeopardy! Round responses

POP STARS
(Ken: [To Connor] After 2022's Finally Enough Love... You have $2,023. Happy New Year.)
[Laughter]
ConnorWho is Madonna?
$223
AndrewWho is Madonna?
$0
YogeshWho is Madonna
$10,801
Madonna

Final scores:

Connor Andrew Yogesh
$2,023 $20,800 $41,601
3rd place: $1,000 2nd place: $2,000 New champion: $41,601

Game dynamics:

Coryat scores:

Connor Andrew Yogesh
$1,800 $15,800 $24,800
11 R,
4 W
18 R
(including 1 DD),
1 W
28 R
(including 2 DDs),
1 W

Combined Coryat: $42,400

[game clues] [game scores] [suggest correction]

Game tape date: 2022-11-15
The J! Archive is created by fans, for fans. Scraping, republication, monetization, and malicious use prohibited; this site may use cookies and collect identifying information. See terms. The Jeopardy! game show and all elements thereof, including but not limited to copyright and trademark thereto, are the property of Jeopardy Productions, Inc. and are protected under law. This website is not affiliated with, sponsored by, or operated by Jeopardy Productions, Inc. Join the discussion at JBoard.tv.